00321nam a2200121Ia 4500008004100000041000800041082001200049100001600061245004500077260003400122300003200156365001100188240624s9999 xx 000 0 und d aeng a823 PIN aPINDER JOHN aEUROPEAN UNION A VERY SHORT INTRODUCTION c2013aNew DelhibOxford India axxii, : 181 : p. : cm. ; 17 cRSb31